| 000 | 01269cam a2200313 a 4500 | ||
|---|---|---|---|
| 001 | 4515336 | ||
| 003 | ARRUPE | ||
| 005 | 20150808020017.0 | ||
| 008 | 960717t19961995ke af b 000 0 eng d | ||
| 020 | _a0962040665 (World Gospel Mission) | ||
| 020 | _a0878087699 (William Carey Library) | ||
| 035 | _a(OCoLC)35228457 | ||
| 035 | _a(OCoLC)ocm35228457 | ||
| 035 | _a(NNC)4515336 | ||
| 040 |
_dCStRLIN _dNNUT _cArrupe |
||
| 041 | 0 | _aengssa | |
| 043 | _af-ke--- | ||
| 090 |
_aGN659.K5 _bF57 1996 |
||
| 100 | 1 |
_aFish, Burnette C. _918542 |
|
| 245 | 1 | 4 |
_aThe Kalenjiin Heritage : _btraditional religious and social practices / _cBurnette C. Fish and Gerald W. Fish |
| 260 |
_aKericho, Kenya : _bAfrica Gospel Church ; _aMarion, Ind. : _bWorld Gospel Mission ; _aPasadena, Calif : _bWilliam Carey Library, _cc1996, c1995 |
||
| 300 |
_axxiii, 400 p., [16] p. of plates : _bill. (some col.) ; _c23 cm |
||
| 500 | _a"First printing 1995 by Kenwide Media Ltd. ... Nairobi, Kenya ... Second printing 1996 by Bookcrafters, Chelsea, Michigan U.S.A."--T.p. verso | ||
| 504 | _aIncludes bibliographical references (p. 397-400) | ||
| 650 | 0 |
_aKipsigis (African people) _xReligion. _918543 |
|
| 700 | 1 |
_aFish, Gerald W. _918544 |
|
| 942 |
_2lcc _cMONOGRAPH _01 |
||
| 999 |
_c123042 _d123042 |
||